Advanced Practical Medicinal Chemistry (Record no. 5827)

MARC details
000 -LEADER
fixed length control field 00530nam a22001937a 4500
003 - CONTROL NUMBER IDENTIFIER
control field OSt
005 - DATE AND TIME OF LATEST TRANSACTION
control field 20170410164612.0
008 - FIXED-LENGTH DATA ELEMENTS--GENERAL INFORMATION
fixed length control field 170410b xxu||||| |||| 00| 0 eng d
020 ## - INTERNATIONAL STANDARD BOOK NUMBER
International Standard Book Number 9788122425536
040 ## - CATALOGING SOURCE
Transcribing agency DMLN
082 ## - DEWEY DECIMAL CLASSIFICATION NUMBER
Classification number QV744 k11a 2004
100 ## - MAIN ENTRY--PERSONAL NAME
Personal name Kar,Ashutash.
9 (RLIN) 12097
245 ## - TITLE STATEMENT
Title Advanced Practical Medicinal Chemistry
260 ## - PUBLICATION, DISTRIBUTION, ETC. (IMPRINT)
Place of publication, distribution, etc. New Delhi;New Age International,2004
300 ## - PHYSICAL DESCRIPTION
Other physical details xiv,317;ill;26cm.
504 ## - BIBLIOGRAPHY, ETC. NOTE
Bibliography, etc index included
650 ## - SUBJECT ADDED ENTRY--TOPICAL TERM
Topical term or geographic name as entry element medicinal chemistry
9 (RLIN) 3953
942 ## - ADDED ENTRY ELEMENTS (KOHA)
Source of classification or shelving scheme Other/Generic Classification Scheme
Koha item type Short Loan
Classification part 11/00004
Holdings
Withdrawn status Lost status Source of classification or shelving scheme Damaged status Not for loan Home library Current library Date acquired Source of acquisition Inventory number Total Checkouts Full call number Barcode Date last seen Koha item type
    Other/Generic Classification Scheme     Pharmacy Department Library Pharmacy Department Library 10/04/2017   11/00004   QV744 k11a 2004 2017-0800 10/04/2017 Short Loan
    Other/Generic Classification Scheme     Pharmacy Department Library Pharmacy Department Library 10/04/2017   11/00003   QV744 k11a 2004 2017-0801 10/04/2017 Short Loan